| 000 | 00920nam a2200265 i 4500 | ||
|---|---|---|---|
| 001 | 84089 | ||
| 003 | ES-MaACL | ||
| 005 | 20250814230838.0 | ||
| 007 | t| | ||
| 008 | 041119s1985 sp |||| | spa d | ||
| 020 | _a84-307-7438-6 | ||
| 245 | 0 | 3 |
_aLa izquierda europea _b: análisis de las crisis de las ideologías de izquierda en la Europa occidental / _cFrancisco Alburquerque Llorens ... [et al.] ; [Manuel Mella Márquez, comp.]. |
| 250 | _a1ª ed. | ||
| 260 |
_aBarcelona : _bTeide, _c1985. |
||
| 300 |
_a282 p. ; _c22 cm. |
||
| 490 | 1 |
_aCiencias sociales ; _v7 |
|
| 500 | _aÍndice. | ||
| 650 | 0 | 4 |
_aSocialismo- _zEuropa- _yS.XX. _917159 |
| 650 | 4 |
_aIzquierda (Política)- _zEuropa. _9169592 |
|
| 700 | 1 |
_aAlburquerque Llorens, Francisco. _919434 |
|
| 700 | 1 |
_aMella Márquez, Manuel. _979984 |
|
| 830 | 0 | 0 |
_aCiencias sociales _v7 _9177859 |
| 852 |
_aES-MaACL _jB-222 |
||
| 999 |
_c84089 _d84089 |
||